Formula 1 Drivers with 4+ Wins - Statistics

General Stats
  • This quiz has been taken 651 times
    209 since last reset
  • The average score is 49 of 62
Answer Stats
Race Wins Seasons Competed Nationality Driver % Correct
71 2015–present Netherlands Max Verstappen
100%
32 2001, 2003–2018, 2021–present Spain Fernando Alonso
99%
105 2007–present United Kingdom Lewis Hamilton
99%
91 1991–2006, 2010–2012 Germany Michael Schumacher
99%
53 2007–2022 Germany Sebastian Vettel
99%
51 1980–1991, 1993 France Alain Prost
98%
41 1984–1994 Brazil Ayrton Senna
98%
25 1971–1979, 1982–1985 Austria Niki Lauda
97%
6 1997–2007 Germany Ralf Schumacher
97%
5 1978–1986 Finland Keke Rosberg
95%
21 2001–2009, 2012–2021 Finland Kimi Räikkönen
95%
23 2006–2016 Germany Nico Rosberg
95%
11 2019–present United Kingdom Lando Norris
94%
9 2023–present Australia Oscar Piastri
94%
10 2013–2024 Finland Valtteri Bottas
94%
8 2018–present Monaco Charles Leclerc
93%
15 2000–2017 United Kingdom Jenson Button
93%
24 1950–1951, 1953–1958 Argentina Juan Manuel Fangio
91%
20 1991–2001 Finland Mika Häkkinen
91%
4 2015–present Spain Carlos Sainz
90%
22 1992–1999 United Kingdom Damon Hill
90%
8 2011–2024 Australia Daniel Ricciardo
90%
11 2002, 2004–2017 Brazil Felipe Massa
90%
9 2002–2013 Australia Mark Webber
90%
23 1978–1991 Brazil Nelson Piquet
90%
14 1958–1975 United Kingdom Graham Hill
89%
5 2019–present United Kingdom George Russell
88%
6 2011–2024 Mexico Sergio Perez
88%
31 1980–1992, 1994–1995 United Kingdom Nigel Mansell
86%
11 1996–2006 Canada Jacques Villeneuve
83%
27 1965–1973 United Kingdom Jackie Stewart
81%
13 1994–2008 United Kingdom David Coulthard
80%
25 1960–1968 United Kingdom Jim Clark
79%
11 1993–2011 Brazil Rubens Barrichello
79%
13 1950–1955 Italy Alberto Ascari
78%
14 1970–1980 Brazil Emerson Fittipaldi
78%
14 1955–1970 Australia Jack Brabham
78%
10 1973–1979 United Kingdom James Hunt
78%
7 2001–2006 Colombia Juan Pablo Montoya
78%
12 1968–1972, 1974–1982 United States Mario Andretti
78%
6 1977–1982 Canada Gilles Villeneuve
76%
10 1972–1980 South Africa Jody Scheckter
75%
5 1950–1955 Italy Nino Farina
75%
10 1984–1997 Austria Gerhard Berger
73%
12 1975–1981, 1983, 1985–1986 Australia Alan Jones
71%
8 1967–1979 Belgium Jacky Ickx
71%
4 1958–1970 New Zealand Bruce McLaren
70%
16 1951–1961 United Kingdom Stirling Moss
70%
8 1965–1974 New Zealand Denny Hulme
68%
6 1964–1970 Austria Jochen Rindt
66%
12 1972–1982 Argentina Carlos Reutemann
64%
6 1960–1972 United Kingdom John Surtees
64%
6 1977–1993 Italy Riccardo Patrese
62%
10 1970–1978 Sweden Ronnie Peterson
62%
4 1993–2002 United Kingdom Eddie Irvine
55%
5 1970–1980 Switzerland Clay Regazzoni
54%
7 1978–1989 France René Arnoux
53%
5 1981–1994 Italy Michele Alboreto
46%
5 1973–1983, 1985 United Kingdom John Watson
44%
6 1974–1986 France Jacques Laffite
41%
4 1959–1968, 1970 United States Dan Gurney
36%
6 1956–1961 United Kingdom Tony Brooks
36%
No matching quizzes found
Score Distribution
Percent of People with Each Score
Percentile by Number Answered
Your Score History
You have not taken this quiz since the last reset